Weaving it together 4 : (Record no. 18395)
[ view plain ]
| 000 -LEADER | |
|---|---|
| fixed length control field | 01088nam a22003137a 4500 |
| 003 - CONTROL NUMBER IDENTIFIER | |
| control field | EG-ScBUE |
| 005 - DATE AND TIME OF LATEST TRANSACTION | |
| control field | 20220612102026.0 |
| 008 - FIXED-LENGTH DATA ELEMENTS--GENERAL INFORMATION | |
| fixed length control field | 140922t2010 maua f 001 0 eng d |
| 020 ## - INTERNATIONAL STANDARD BOOK NUMBER | |
| International Standard Book Number | 9781426633522 |
| 020 ## - INTERNATIONAL STANDARD BOOK NUMBER | |
| International Standard Book Number | 1426633521 |
| 040 ## - CATALOGING SOURCE | |
| Original cataloging agency | EG-ScBUE |
| Language of cataloging | eng |
| Description conventions | rda |
| Transcribing agency | EG-ScBUE |
| Modifying agency | EG-ScBUE |
| 082 04 - DEWEY DECIMAL CLASSIFICATION NUMBER | |
| Edition number | 22 |
| Classification number | 428.24 |
| Item number | BRO |
| 100 1# - MAIN ENTRY--PERSONAL NAME | |
| 9 (RLIN) | 36091 |
| Personal name | Broukal, Milada, |
| Relator term | author. |
| 245 10 - TITLE STATEMENT | |
| Title | Weaving it together 4 : |
| Remainder of title | connecting reading and writing / |
| Statement of responsibility, etc | Milada Broukal. |
| 246 3# - VARYING FORM OF TITLE | |
| Title proper/short title | Weaving it together four : |
| Remainder of title | connecting reading and writing |
| 250 ## - EDITION STATEMENT | |
| Edition statement | Third edition, |
| Remainder of edition statement | international student edition. |
| 264 #1 - PUBLICATION, DISTRIBUTION, ETC. (IMPRINT) | |
| Place of publication, distribution, etc | Boston, MA : |
| Name of publisher, distributor, etc | Heinle, Cengage Learning, |
| Date of publication, distribution, etc | [2010] |
| 264 #4 - PUBLICATION, DISTRIBUTION, ETC. (IMPRINT) | |
| Date of publication, distribution, etc | c2010 |
| 300 ## - PHYSICAL DESCRIPTION | |
| Extent | viii, 274 pages : |
| Other physical details | color illustrations ; |
| Dimensions | 26 cm |
| 336 ## - CONTENT TYPE | |
| Source | rdacontent |
| Content type term | text |
| Content type code | txt |
| 337 ## - MEDIA TYPE | |
| Source | rdamedia |
| Media type term | unmediated |
| Media type code | n |
| 338 ## - CARRIER TYPE | |
| Source | rdacarrier |
| Carrier type term | volume |
| Carrier type code | nc |
| 500 ## - GENERAL NOTE | |
| General note | Includes index.<br/> |
| 650 #7 - SUBJECT ADDED ENTRY--TOPICAL TERM | |
| Topical term or geographic name as entry element | English language |
| Form subdivision | Textbooks for foreign speakers. |
| Source of heading or term | BUEsh |
| 651 ## - SUBJECT ADDED ENTRY--GEOGRAPHIC NAME | |
| Source of heading or term | BUEsh |
| 653 ## - INDEX TERM--UNCONTROLLED | |
| Arrived date list | September2014 |
| Resource For college | Humanities: English |
| 655 ## - INDEX TERM--GENRE/FORM | |
| Form subdivision | Reading book |
| 9 (RLIN) | 34232 |
| 942 ## - ADDED ENTRY ELEMENTS (KOHA) | |
| Source of classification or shelving scheme | Dewey Decimal Classification |
| Call number prefix | 428.24 BRO |
| Koha item type | Book - Borrowing |
| Withdrawn status | Lost status | Source of classification or shelving scheme | Damaged status | Not for loan | Collection code | Home library | Current library | Shelving location | Date acquired | Source of acquisition | Cost, normal purchase price | Total Checkouts | Total Renewals | Full call number | Barcode | Date last seen | Date checked out | Cost, replacement price | Koha item type | Checked out | Price effective from |
|---|---|---|---|---|---|---|---|---|---|---|---|---|---|---|---|---|---|---|---|---|---|
| Dewey Decimal Classification | Baccah | Central Library | Central Library | Second Floor | 22/09/2014 | Purchase | 140.00 | 1 | 2 | 428.24 BRO TR | 000036257 | 15/07/2025 | 23/09/2014 | 175.00 | Book - Teacher Resource | ||||||
| Dewey Decimal Classification | Baccah | Central Library | Central Library | Second Floor | 22/09/2014 | Purchase | 140.00 | 2 | 2 | 428.24 BRO TR | 000036258 | 26/11/2014 | 26/11/2014 | 175.00 | Book - Teacher Resource | 16/03/2016 | |||||
| Dewey Decimal Classification | Baccah | Central Library | Central Library | Second Floor | 22/09/2014 | Purchase | 140.00 | 428.24 BRO TR | 000036259 | 15/07/2025 | 175.00 | Book - Teacher Resource | |||||||||
| Dewey Decimal Classification | Baccah | Central Library | Central Library | Second Floor | 22/09/2014 | Purchase | 140.00 | 3 | 27 | 428.24 BRO TR | 000036260 | 15/07/2025 | 09/01/2018 | 175.00 | Book - Teacher Resource | ||||||
| Dewey Decimal Classification | Baccah | Central Library | Central Library | Second Floor | 22/09/2014 | Purchase | 140.00 | 2 | 1 | 428.24 BRO TR | 000036261 | 15/07/2025 | 03/10/2015 | 175.00 | Book - Teacher Resource | ||||||
| Dewey Decimal Classification | Baccah | Central Library | Central Library | Second Floor | 22/09/2014 | Purchase | 1 | 1 | 428.24 BRO TR | 000036262 | 21/09/2015 | 21/09/2015 | Book - Teacher Resource | 14/02/2016 | 22/09/2014 | ||||||
| Dewey Decimal Classification | Baccah | Central Library | Central Library | Second Floor | 22/09/2014 | Purchase | 428.24 BRO TR | 000036263 | 15/07/2025 | Book - Teacher Resource | 22/09/2014 | ||||||||||
| Dewey Decimal Classification | Baccah | Central Library | Central Library | Second Floor | 22/09/2014 | Purchase | 428.24 BRO TR | 000036264 | 15/07/2025 | Book - Teacher Resource | 22/09/2014 | ||||||||||
| Dewey Decimal Classification | Baccah | Central Library | Central Library | Second Floor | 22/09/2014 | Purchase | 1 | 5 | 428.24 BRO TR | 000036265 | 15/07/2025 | 08/11/2021 | Book - Teacher Resource | 22/09/2014 | |||||||
| Dewey Decimal Classification | Baccah | Central Library | Central Library | Second Floor | 22/09/2014 | Purchase | 1 | 1 | 428.24 BRO TR | 000036266 | 15/07/2025 | 04/01/2015 | Book - Teacher Resource | 22/09/2014 |